[Event "BL 2016-17"]
[Site "Germany"]
[Date "2017.02.18"]
[Round "7.7"]
[White "Kolbus, Dietmar"]
[Black "Meier, Georg"]
[Result "0-1"]
[WhiteElo "2308"]
[BlackElo "2630"]
[Annotator "TA"]
[PlyCount "154"]
[EventDate "2017.??.??"]
[EventType "team-tourn"]
[EventCountry "GER"]
[SourceTitle "playchess.com"]
[Source "ChessBase"]
[SourceQuality "1"]
[WhiteTeam "SG Trier"]
[BlackTeam "Baden-Baden"]

{[%evp 12,154,56,50,61,39,54,39,37,22,39,18,11,5,20,10,23,20,23,13,13,13,8,8,17,16,33,16,33,14,25,23,18,18,26,0,27,26,25,14,25,25,23,24,13,0,0,0,0,0,0,0,0,0,0,0,0,0,0,0,0,-62,-19,-66,-41,-68,-46,-59,-19,-52,-46,-45,-44,-41,-19,-19,-19,-59,-19,-19,-2,-18,-6,-5,-20,-46,-46,-84,-12,-15,-12,-92,-27,-78,0,-87,-72,-120,-120,-107,-10,-106,-97,-209,-206,-206,-197,-199,-193,-206,-199,-176,-155,-155,-155,-152,-153,-162,-162,-162,-160,-156,-152,-412,-414,-410,-397,-375,-377,-458,-460,-674,-672,-964,-945,-826,-759,-5114,-3734,-5600,-5591,-5114,-5036,-5732,-5430]} 1. c4 Nf6 2. Nf3 e6 3. g3 {??.} b6 4. Bg2 Bb7 5. O-O c5 6. Nc3 d6 7. d4 cxd4 8. Qxd4 a6 9. b3 Nbd7 10. Bb2 Be7 11. Ng5 Bxg2 12. Kxg2 Qc7 13. f3 O-O 14. Nge4 Rfd8 15. Nxf6+ Nxf6 16. e4 Qb7 17. a4 Bf8 18. Rfd1 Nd7 19. Rab1 Nc5 20. Ba1 Rac8 21. Rd2 Qe7 22. Qe3 Qb7 23. Qd4 Re8 24. Re2 h6 25. Rd2 Qe7 26. Qe3 Qg5 27. Qxg5 hxg5 28. h3 Be7 29. Nd1 Rb8 30. Bd4 Red8 31. Nc3 Kf8 32. Kf1 Bf6 33. Bxf6 gxf6 34. Rh2 Ke7 35. Ke2 Rh8 36. Kd2 (36. Kf2 $11) 36... Rbg8 37. g4 (37. Ke3 $11) 37... Rh6 38. Nd1 Nd7 39. Ke3 Rb8 40. Nf2 Ne5 41. Nd3 Rbh8 42. Rbh1 Nc6 43. Nc1 Kd7 44. Kf2 Ne5 45. Kg3 f5 46. exf5 exf5 47. gxf5 Rf6 $36 {[%mdl 2048] Black has good play.} 48. Re1 Rxf5 49. Re3 Rh4 (49... Rf4 $17) 50. Nd3 $11 Rd4 51. Ne1 (51. Nxe5+ $11 Rxe5 52. Rc3) 51... Nc6 ({Black should play} 51... Rd1 $17) 52. Nd3 (52. Rd3 $11 {keeps the balance.}) 52... Ne5 53. Ne1 a5 54. Rc2 (54. Rf2 $142) 54... Rf6 $17 55. Rce2 Rg6 (55... Rh6 $17 {With the idea ...Rh8.} 56. Re4 Rd1) 56. Re4 {[#]} (56. Nc2 $1 $11 Rh4 57. Rd2) 56... Rd1 $1 {Hoping for ...f5.} 57. Rc2 (57. Nc2 $17 {is a better defense.}) 57... f5 $19 58. Ree2 f4+ 59. Kf2 Rh6 60. Kg2 {intending Rcd2.} Re6 61. Kf2 Rb1 62. Rb2 {[#]} Rxe1 $1 {[%mdl 512]} 63. Kxe1 $17 {[%mdl 4096] Endgame Black should prevent Kf1. KRR-KRN} (63. Rxe1 Nd3+) 63... Nd3+ 64. Kf1 {Threatens to win with Rxe6!} Nxb2 65. Rxb2 $19 {KR-KR} Re3 66. Kf2 Rc3 67. Rd2 $2 (67. Ke2 $17) 67... Rxb3 68. Rd5 Rb4 69. Rxg5 Rxa4 70. Ke2 Rxc4 {Black is clearly winning.} 71. Kd3 (71. Rg7+ $142 Kc6 72. Kd2) 71... Rc5 72. Rg4 b5 {[%cal Bb6b5,Bb5b4,Bb4b3][%mdl 32]} 73. Rxf4 b4 74. Rg4 b3 {( -> ...b2)} 75. Rg1 a4 76. Rb1 Kc6 77. f4 Kb5 0-1

[Event "BL 2016-17"]
[Site "Germany"]
[Date "2017.02.18"]
[Round "7.8"]
[White "Gustafsson, Jan"]
[Black "Cioara, Andrei-Nestor"]
[Result "1-0"]
[WhiteElo "2626"]
[BlackElo "2442"]
[Annotator "TA"]
[PlyCount "65"]
[EventDate "2017.??.??"]
[EventType "team-tourn"]
[EventCountry "GER"]
[SourceTitle "playchess.com"]
[Source "ChessBase"]
[SourceQuality "1"]
[WhiteTeam "Baden-Baden"]
[BlackTeam "SG Trier"]

{[%evp 28,65,91,86,125,151,138,129,213,230,289,248,302,294,291,295,524,522,490,367,377,310,320,312,313,294,500,394,535,521,515,515,479,502,1208,1141,29989,29989,29994,29995]} 1. c4 c6 2. Nf3 d5 3. e3 Nf6 4. Nc3 e6 5. d4 Nbd7 6. Bd3 Bd6 7. e4 dxe4 8. Nxe4 Nxe4 9. Bxe4 Nf6 10. Bc2 b6 11. O-O Bb7 12. Bg5 Be7 13. Re1 O-O 14. Qd3 g6 15. Rad1 {LiveBook: 6 Games} Nd7 16. h4 {[%cal Bh2h4,Bh4h5][%mdl 32]} Bf6 17. Qe3 {White is clearly better.} Qc7 {[#]} (17... Re8 $16 18. h5 b5) 18. h5 $1 $18 {[%mdl 512]} Rfe8 (18... gxh5 19. Bxf6) 19. Bf4 Qc8 20. hxg6 hxg6 21. Ng5 e5 $2 (21... Bg7 22. Ne4 Nf6) 22. dxe5 Nxe5 23. Ne4 Ng4 24. Nxf6+ Nxf6 25. Qc3 Nh5 {[#]} 26. Be5 $1 c5 $2 (26... Qg4 {is a better defense.} 27. Qe3 Rxe5 28. Qxe5 c5) 27. f3 Re6 28. g4 f6 29. Bh2 ({Weaker is} 29. gxh5 fxe5 30. Bxg6 Qc7 $18) 29... Ng7 30. Bxg6 f5 (30... Rxe1+ $142 31. Rxe1 Qc6) 31. Rd6 ({Less strong is} 31. gxf5 Nxf5 32. Bxf5 Rxe1+ 33. Rxe1 Qxf5 $18) 31... Rxe1+ 32. Qxe1 fxg4 33. Qh4 1-0

[Event "BL 2016-17"]
[Site "Germany"]
[Date "2017.02.18"]
[Round "7.9"]
[White "Van Foreest, Jorden"]
[Black "Neiksans, Arturs"]
[Result "1-0"]
[WhiteElo "2584"]
[BlackElo "2620"]
[Annotator "TA"]
[PlyCount "91"]
[EventDate "2017.??.??"]
[EventType "team-tourn"]
[EventCountry "GER"]
[SourceTitle "playchess.com"]
[Source "ChessBase"]
[SourceQuality "1"]
[WhiteTeam "Aufwärts Aachen"]
[BlackTeam "Speyer-Schwegenheim"]

{[%evp 18,91,17,0,20,-16,-13,-38,72,69,75,85,84,67,68,70,68,61,54,55,117,114,112,115,99,91,162,166,117,-12,-19,-14,0,0,12,13,13,20,25,0,0,0,0,0,0,-59,-30,-58,-29,-67,-67,-429,-417,-385,54,0,391,-18,131,123,133,84,412,426,573,499,526,514,852,799,1002,616,593,592,592,592]} 1. e4 c5 2. Nf3 e6 3. d4 cxd4 4. Nxd4 a6 5. Nc3 Qc7 6. g3 Nf6 7. Bg2 Be7 8. O-O O-O 9. a4 Nc6 10. Be3 {LiveBook: 19 Games} Na5 11. g4 {[%cal Bg3g4,Bg4g5][%mdl 32]} Nc4 12. Bc1 $1 {The position is equal.} d6 (12... h6 $15 {keeps the upper hand.}) 13. g5 $16 Nd7 14. f4 {[%cal Bf2f4,Bf4f5][%mdl 32]} Re8 15. f5 Bf8 16. Kh1 Nde5 17. h4 Bd7 18. h5 Qa5 {[#]} (18... Rac8 $14) 19. g6 $1 {[%mdl 512]} hxg6 (19... fxg6 20. hxg6) 20. hxg6 fxg6 21. fxe6 Bxe6 (21... Rxe6 $16 {might work better.} 22. Nxe6 Bxe6) 22. Nxe6 $18 Rxe6 23. b4 (23. Bh3 $16 Rf6 24. Rxf6 gxf6 25. Nd5) 23... Qd8 $1 $11 {Hoping for ...Qh4+.} 24. Bh3 $1 Rf6 25. Kg2 g5 26. Nd5 $1 Rh6 27. Bf5 Ng6 $1 28. Bxg6 Rxg6 29. Rf5 Rc8 30. c3 Qe8 31. Qd4 (31. Qg4 $1 $11) 31... Ne5 32. Be3 Re6 {Strongly threatening ...Rc4.} 33. Raf1 (33. Rxg5 $2 Rc4 34. Qd1 Rxe4 $19) 33... Qh5 ({Not} 33... Qxa4 $2 34. Nb6 (34. Rxg5 Qb5 $11) (34. Bxg5 Qc2+ 35. R1f2 Nc6 36. Rxf8+ Rxf8 $11) 34... Qc2+ 35. R5f2 $18) 34. Bxg5 $2 {[%mdl 8192]} ({White should try} 34. Rxg5 $15 Rg6 35. Rxg6 Qxg6+ 36. Kf2) 34... Rg6 $19 35. Qe3 {[#]} Qg4+ $2 ({Black should play} 35... Nf7 $1 $19 {[%mdl 512]} 36. Qf3 (36. Rxf7 Rxg5+) 36... Rxg5+ 37. Kf2 Qxf3+ 38. Kxf3 Rxf5+ 39. exf5 Ne5+ 40. Ke2 Kf7) 36. Kh2 (36. Kf2 $1 $14) 36... Nf7 $2 {[%mdl 8192]} (36... Re8 $11) 37. Rg1 $2 ({Only move:} 37. R1f4 $1 $18 Qxg5 38. Rxg5 Nxg5 39. Rf5 Rh6+ 40. Kg1) 37... Nh6 {[#]} (37... Qh5+ $1 $11 38. Qh3 Qxh3+ 39. Kxh3 Re8) 38. Rf4 $1 $36 {[%mdl 2048] Black is under strong pressure.} (38. Rxg4 $2 Nxg4+ 39. Kh3 Nxe3 40. Bxe3 Re8 $19) 38... Qe6 {[#]} ({But not} 38... Rxg5 $2 39. Rfxg4 Rxg4 40. Qh3 Rxg1 41. Qe6+ Kh7 42. Qxc8 $18) 39. Rg3 ({Better is} 39. Bf6 $1 Rxg1 40. Qxg1) 39... Kh7 $2 {[%mdl 8192]} (39... Nf7 $16 40. Bf6 Ne5) 40. Qf3 $18 Kg8 {White is clearly winning.} 41. Bxh6 Rxh6+ 42. Kg1 Be7 (42... a5 $142 43. Rf6 Rxf6 44. Nxf6+ Kf7) 43. Qg4 {[%csl Gg3][%cal Rg4g7]} Bf8 {[#]} 44. Rxf8+ $1 {[%mdl 512]} Kxf8 (44... Rxf8 45. Qxg7#) 45. Qxg7+ Ke8 46. Qg8+ ({Weaker is} 46. Qxb7 Rg6 47. Qxc8+ Qxc8 $14) 1-0

[Event "BL 2016-17"]
[Site "Germany"]
[Date "2017.02.18"]
[Round "7.10"]
[White "Feller, Sebastien"]
[Black "Donchenko, Alexander"]
[Result "0-1"]
[WhiteElo "2574"]
[BlackElo "2553"]
[Annotator "TA"]
[PlyCount "114"]
[EventDate "2017.??.??"]
[EventType "team-tourn"]
[EventCountry "GER"]
[SourceTitle "playchess.com"]
[Source "ChessBase"]
[SourceQuality "1"]
[WhiteTeam "Speyer-Schwegenheim"]
[BlackTeam "Aufwärts Aachen"]

{[%evp 20,114,22,20,39,0,0,0,0,0,0,0,0,-23,-23,-22,-27,-25,-14,-19,8,-18,-18,-11,-18,-11,-11,-11,-11,-29,-13,-11,-8,-14,-12,-22,-25,-56,-26,-32,-16,-8,0,-34,-35,-38,-33,-26,-23,-197,-224,-213,-205,-204,-130,-130,-130,-129,-99,-252,-252,-683,-675,-1030,-1008,-1295,-1288,-1322,-755,-1205,-1217,-862,-969,-5389,-2354,-29980,-29981,-29980,-29981,-29978,-1526,-1266,-680,-680,-662,-651,-650,-610,-492,-606,-575,-925,-877,-2638,-1900,-5377,-5314]} 1. d4 Nf6 2. c4 e6 3. Nf3 c5 4. d5 d6 5. Nc3 exd5 6. cxd5 g6 7. g3 Bg7 8. Bg2 O-O 9. O-O Re8 10. Bf4 Bf5 11. Nh4 {LiveBook: 22 Games} Bg4 12. h3 Nh5 13. hxg4 {The position is equal.} Nxf4 14. gxf4 {Threatens to win with g5.} Qxh4 15. e3 Nd7 16. Ne4 Nf6 17. Nxf6+ Qxf6 ({But not} 17... Bxf6 $6 18. g5 $16) 18. Rb1 h6 19. Qd3 Rab8 20. a4 Qh4 21. Bf3 Qh3 22. Qe2 g5 {Hoping for ...gxf4.} 23. Bg2 Qh4 24. fxg5 $1 Be5 {[%csl Ge5][%cal Rh4h2]} 25. Rfc1 hxg5 26. b4 b6 27. bxc5 bxc5 28. a5 Rec8 29. Qf3 Kg7 30. Qf5 Rh8 {White should prevent ...Rxb1.} 31. a6 Rxb1 32. Rxb1 Rh6 $40 {[%mdl 128] Strongly threatening ...Rf6. Black is up to no good.} 33. Qe4 Rf6 34. f3 $2 {[#]} (34. Bf3 $1 $11 {and White is okay.}) 34... Rf4 $1 $19 {[%mdl 512]} 35. Qc2 (35. exf4 Bd4+) 35... Rb4 36. Kf1 Qg3 37. Rxb4 cxb4 38. Qf2 Qh2 39. Qc2 $2 (39. f4 $17 gxf4 40. exf4 Qxf4 41. Qxf4 Bxf4 42. Ke2) 39... Bc3 40. Qf5 $2 {[#]} (40. Qa2) 40... Qh4 $1 {[%csl Gc3][%cal Rh4e1]} 41. Qb1 {[#]} b3 $1 {[%cal Bb4b3,Bb3b2][%mdl 544]} 42. Ke2 (42. Qxb3 Qe1#) 42... b2 43. Kd3 Bf6 44. Bf1 Qh7+ 45. e4 Qh1 46. Qd1 Qg1 (46... Qh2 $142 47. Be2 Qf2) 47. Kc2 Qc5+ 48. Kb1 Qa3 49. Bd3 Be5 (49... Bc3 $142 50. Kc2 Qa4+ 51. Kxc3 Qxd1 52. Bc2 b1=Q 53. Bxb1 Qxb1 54. Kd2 Qa2+ 55. Kd1 Kf6 56. e5+ Kxe5 57. Ke1 Qg2 58. Kd1 Kd4 59. Kc1 Kc3 60. Kd1 Qf1#) 50. Kc2 {Black is clearly winning.} Qc3+ 51. Kb1 Kg8 52. Ka2 Qc1 53. Qc2 Qa1+ 54. Kb3 Qh1 55. Ka4 Qxf3 56. Kb5 Qxg4 57. Qc7 Qd1 0-1